[Event "Online Olym KO Stage 2021"]
[Site "chess.com INT"]
[Date "2021.09.14"]
[Round "2.2"]
[Board "5"]
[White "Esipenko, Andrey"]
[Black "Xu, Zhihang"]
[Result "1-0"]
[WhiteTitle "GM"]
[BlackTitle "IM"]
[WhiteElo "2720"]
[BlackElo "2515"]
[WhiteTeam "Russia"]
[BlackTeam "China"]
[WhiteFideId "24175439"]
[BlackFideId "8611572"]
[EventDate "2021.09.13"]
[EventType "team"]

1. e4 d6 2. d4 g6 3. Nf3 Bg7 4. Be3 Nc6 5. Be2 Nf6 6. Nc3 O-O 7. d5 Ne5 8. Nxe5
dxe5 9. g4 c6 10. g5 Nxe4 11. Nxe4 cxd5 12. Ng3 e4 13. c3 e5 14. Bc1 b5 15. a4
Bb7 16. axb5 f5 17. gxf6 Qxf6 18. Rf1 d4 19. Bc4+ Kh8 20. Qg4 Rac8 21. Be6 Rc7
22. Bg5 Qf3 23. Qxf3 exf3 24. Rxa7 dxc3 25. b6 cxb2 26. Kd2 Rc6 27. Rxb7 Rxe6
28. Ne4 h6 29. Be3 Rc6 30. Rd7 Rc4 31. Kd3 Rb4 32. Rb1 Ra8 33. Bc5 Ra3+ 34. Kd2
Ra1 35. Bxb4 Rxb1 36. b7 Rd1+ 37. Ke3 b1=Q 38. b8=Q+ 1-0

[Event "Online Olym KO Stage 2021"]
[Site "chess.com INT"]
[Date "2021.09.14"]
[Round "2.2"]
[Board "6"]
[White "Ning, Kaiyu"]
[Black "Garifullina, Leya"]
[Result "1/2-1/2"]
[WhiteTitle "WIM"]
[BlackTitle "WGM"]
[WhiteElo "2372"]
[BlackElo "2409"]
[WhiteTeam "China"]
[BlackTeam "Russia"]
[WhiteFideId "8614750"]
[BlackFideId "34127035"]
[EventDate "2021.09.13"]
[EventType "team"]

1. d4 Nf6 2. c4 e6 3. Nf3 d5 4. Nc3 c5 5. cxd5 cxd4 6. Qxd4 exd5 7. Bg5 Be7 8.
e3 O-O 9. Rd1 Qa5 10. Bb5 a6 11. Ba4 Nc6 12. Bxc6 bxc6 13. Ne5 Qc7 14. Nd3 c5
15. Nxd5 Nxd5 16. Qxd5 Be6 17. Bf4 Qa5+ 18. b4 Qa3 19. Qb7 c4 20. O-O Rfe8 21.
Nc5 Bxc5 22. bxc5 Qxc5 23. Rd6 c3 24. Rc6 Qa3 25. Bd6 Qa5 26. Rc5 Qxa2 27. Rxc3
Qd2 28. Qb4 a5 29. Qa3 a4 30. Rc7 Bb3 31. Ra1 Rad8 32. Bb4 Qe2 33. Rcc1 Qg4 34.
Bd6 Qe6 35. Bf4 h6 36. Qc5 Rd2 37. e4 Re2 38. f3 Ra2 39. Rxa2 Bxa2 40. Qb4 Bb3
41. Bg3 Rd8 42. h3 Qd7 43. Rc7 Qd2 44. Qe7 Be6 45. Ra7 Rf8 46. Kh2 Rc8 47. Rc7
Rb8 48. Rb7 Rxb7 49. Qxb7 a3 50. Qa8+ Kh7 51. Qxa3 Bc4 52. Qa1 Be2 53. Be1 Qc2
54. Kg3 Bf1 55. Bf2 Qc7+ 56. f4 Bd3 57. Qd4 Qc4 58. Qxc4 Bxc4 59. f5 g6 60. Kf4
Bd3 61. g4 Bf1 62. h4 Be2 63. Bd4 h5 64. g5 Kg8 65. Ke5 Bd3 66. Kf4 Kf8 67. Bc5+
Ke8 68. fxg6 fxg6 69. Ke5 Kf7 70. Kd5 Bc2 71. Ke5 Bb3 72. Kd6 Bc4 73. Bd4 Be6
74. Bf6 Bg4 1/2-1/2

[Event "Online Olym KO Stage 2021"]
[Site "chess.com INT"]
[Date "2021.09.15"]
[Round "3.1"]
[Board "2"]
[White "Artemiev, Vladislav"]
[Black "Robson, Ray"]
[Result "1-0"]
[WhiteTitle "GM"]
[BlackTitle "GM"]
[WhiteElo "2699"]
[BlackElo "2673"]
[WhiteTeam "Russia"]
[BlackTeam "United States of America"]
[WhiteFideId "24101605"]
[BlackFideId "2023970"]
[EventDate "2021.09.13"]
[EventType "team"]

1. c4 e5 2. Nc3 Nf6 3. Nf3 Nc6 4. d3 Bb4 5. Bd2 O-O 6. g3 Re8 7. Bg2 Bxc3 8.
Bxc3 d5 9. cxd5 Nxd5 10. O-O b6 11. Rc1 Bb7 12. Qb3 Qd7 13. Rfd1 Rad8 14. e3 h6
15. Qc4 Qe6 16. b4 Nxc3 17. Qxc3 e4 18. Ne1 Qxa2 19. Bxe4 Rd6 20. b5 Nd8 21.
Qxc7 Qe6 22. Bxb7 Rd7 23. Bc8 Rxc7 24. Bxe6 Nxe6 25. d4 Rd8 26. Nd3 Rd5 27. Rb1
f6 28. Rb2 Rc3 29. Ra2 Rc7 30. Rda1 Rxb5 31. Rxa7 Rxa7 32. Rxa7 Rb3 33. Nf4 Nxf4
34. gxf4 f5 35. Kg2 Kh7 36. Kf3 Kg6 37. Rc7 b5 38. Rc2 Kf6 39. h4 h5 40. Ke2 b4
41. d5 Rb1 42. Rc6+ Kf7 43. Rb6 b3 44. Kd2 b2 45. Kc2 Rf1 46. Rxb2 Rxf2+ 47. Kc3
Rf3 48. Kd4 Rh3 49. Rb7+ Kf6 50. Rb6+ Kf7 51. Ke5 Rxe3+ 52. Kxf5 Rh3 53. Rb7+
Ke8 54. d6 Rd3 55. Ke5 Re3+ 56. Kd4 Rh3 57. Rxg7 Rxh4 58. Ke5 Rh1 59. Rh7 Re1+
60. Kf6 Rd1 61. Rh8+ Kd7 62. Rxh5 Rxd6+ 63. Kf7 Rd4 64. f5 Kd6 65. f6 Ra4 66.
Rh1 Ra7+ 67. Kg8 Ke6 68. f7 Rxf7 69. Re1+ Kf6 70. Rf1+ Ke6 71. Rxf7 1-0

[Event "Online Olym KO Stage 2021"]
[Site "chess.com INT"]
[Date "2021.09.15"]
[Round "3.1"]
[Board "4"]
[White "Kosteniuk, Alexandra"]
[Black "Paikidze, Nazi"]
[Result "1/2-1/2"]
[WhiteTitle "GM"]
[BlackTitle "IM"]
[WhiteElo "2526"]
[BlackElo "2374"]
[WhiteTeam "Russia"]
[BlackTeam "United States of America"]
[WhiteFideId "4128125"]
[BlackFideId "13603620"]
[EventDate "2021.09.13"]
[EventType "team"]

1. e4 c5 2. Nf3 d6 3. d4 cxd4 4. Nxd4 Nf6 5. Nc3 a6 6. Be2 e5 7. Nb3 Be7 8. O-O
O-O 9. Re1 Be6 10. Bf3 Nbd7 11. a4 Qc7 12. a5 Rac8 13. Be3 Nc5 14. Nd2 b5 15.
axb6 Qxb6 16. Na4 Qb7 17. Nxc5 dxc5 18. b3 Rfd8 19. Qe2 c4 20. Nxc4 Bxc4 21.
bxc4 Rc6 22. Reb1 Qc7 23. Ra4 Nd7 24. Bd2 Rb8 25. Rba1 Nc5 26. R4a2 Ne6 27. c3
Nc5 28. Be1 Nb3 29. Rb1 a5 30. Qd1 Rd6 31. Qc2 Rdb6 32. Rd1 Qxc4 33. Rd5 Qc7 34.
g3 g6 35. Kg2 Rc6 36. Qd1 Nc5 37. c4 a4 38. Bc3 Bf6 39. h4 Rb3 40. Qd2 h5 41.
Ba5 Qb7 42. Bd8 Bg7 43. Bg5 a3 44. Qe2 Ne6 45. Be3 Rb2 46. Rd2 Rb3 47. Rd5 Rb2
48. Rd2 Rb3 49. Rd5 1/2-1/2

[Event "Online Olym KO Stage 2021"]
[Site "chess.com INT"]
[Date "2021.09.15"]
[Round "3.1"]
[Board "5"]
[White "Liang, Awonder"]
[Black "Esipenko, Andrey"]
[Result "1-0"]
[WhiteTitle "GM"]
[BlackTitle "GM"]
[WhiteElo "2590"]
[BlackElo "2720"]
[WhiteTeam "United States of America"]
[BlackTeam "Russia"]
[WhiteFideId "2056437"]
[BlackFideId "24175439"]
[EventDate "2021.09.13"]
[EventType "team"]

1. e4 e5 2. Nf3 Nc6 3. Bb5 Nf6 4. d3 d6 5. O-O a6 6. Bxc6+ bxc6 7. Re1 c5 8. c3
Be7 9. d4 cxd4 10. cxd4 exd4 11. Nxd4 Bd7 12. Nc3 O-O 13. Qd3 Re8 14. Bf4 Qb8
15. b3 Qb7 16. Rad1 Rad8 17. Nc2 h6 18. h3 Bf8 19. Bg3 Bc6 20. f3 Nd7 21. Ne3
Ne5 22. Qc2 Bd7 23. Kh2 c5 24. Ncd5 Nc6 25. Qf2 Be6 26. f4 Nd4 27. f5 Bxd5 28.
Nxd5 Rxe4 29. Rxe4 Qxd5 30. Ree1 Qxf5 31. Qxf5 Nxf5 32. Bf2 g5 33. g4 Nh4 34.
Bxh4 gxh4 35. Kg2 d5 36. Re5 d4 37. Kf3 Rd6 38. Rxc5 Re6 39. Rc8 Re3+ 40. Kf4
Rxh3 41. Rxd4 Kg7 42. Rdd8 Bb4 43. Kf5 Rf3+ 44. Ke4 Rf2 45. Rg8+ Kf6 46. Rc6+
Ke7 47. Rxh6 Rxa2 48. Rxh4 Rb2 49. Rh3 a5 50. Kd5 Rd2+ 51. Kc4 Rc2+ 52. Kb5 Rf2
53. Re3+ Kf6 54. Rd3 Rf4 55. g5+ Kf5 56. Rg7 Ke6 57. Rh3 Rf5+ 58. Ka6 Bf8 59.
Rg8 Bb4 60. Rh6+ Ke5 61. Rb6 Rf3 62. Re8+ Kd5 63. Rf6 Rxb3 64. Rxf7 a4 65. g6 a3
66. g7 a2 67. Rf1 Rg3 68. g8=Q+ Rxg8 69. Rxg8 Bc3 70. Rgg1 Kc4 71. Rh1 Kb4 72.
Kb6 Kc4 73. Kc6 Bb2 74. Kd6 Bc3 75. Ke6 Bb2 76. Kf5 Bc3 77. Ke4 Bb2 78. Rd1 Bc3
79. Rc1 Kb4 80. Kd3 Bb2 81. Kc2 1-0

[Event "Online Olym KO Stage 2021"]
[Site "chess.com INT"]
[Date "2021.09.15"]
[Round "3.1"]
[Board "6"]
[White "Shuvalova, Polina"]
[Black "Cervantes Landeiro, Thalia"]
[Result "1/2-1/2"]
[WhiteTitle "IM"]
[BlackTitle "FM"]
[WhiteElo "2510"]
[BlackElo "2175"]
[WhiteTeam "Russia"]
[BlackTeam "United States of America"]
[WhiteFideId "24171760"]
[BlackFideId "3520498"]
[EventDate "2021.09.13"]
[EventType "team"]

1. e4 e5 2. Nf3 Nc6 3. Bb5 Nf6 4. O-O Nxe4 5. d4 Nd6 6. dxe5 Nxb5 7. a4 Nbd4 8.
Nxd4 Nxd4 9. Qxd4 d5 10. Qd3 c6 11. a5 Qd7 12. Be3 Qf5 13. Qc3 Qg6 14. f4 Be7
15. Nd2 O-O 16. Nf3 Bf5 17. Rf2 c5 18. Qa3 Rac8 19. c3 Rfe8 20. Qb3 Be4 21. Re1
Qa6 22. Nd2 c4 23. Qd1 Bf5 24. Qh5 g6 25. Qf3 Qxa5 26. g4 Be4 27. Qh3 Bc5 28.
Bxc5 Qxc5 29. Rxe4 dxe4 30. Nxe4 Qc6 31. Nf6+ Kf8 32. Nxh7+ Ke7 33. Qh4+ Kd7 34.
Nf6+ Kc7 35. Nxe8+ Rxe8 36. Qg3 Rd8 37. Qf3 Qc5 38. Kg2 Rd3 39. Qe4 Re3 40. Qd4
Qc6+ 41. Kg1 Re1+ 42. Rf1 Rxf1+ 43. Kxf1 Qh1+ 44. Ke2 Qxh2+ 45. Kd1 Qh1+ 46. Kc2
Qg2+ 47. Kb1 Qxg4 48. Qxc4+ Kb8 49. Kc2 Qf5+ 50. Kb3 a6 51. Qd4 g5 52. Qd8+ Ka7
53. Qxg5 Qd3 54. Qf6 Qb5+ 55. Kc2 Qe2+ 56. Kc1 Qe1+ 57. Kc2 Qe2+ 58. Kb1 Qd1+
59. Ka2 Qa4+ 60. Kb1 Qd1+ 61. Ka2 Qa4+ 62. Kb1 Qd1+ 1/2-1/2

[Event "Online Olym KO Stage 2021"]
[Site "chess.com INT"]
[Date "2021.09.15"]
[Round "3.2"]
[Board "2"]
[White "Swiercz, Dariusz"]
[Black "Artemiev, Vladislav"]
[Result "1/2-1/2"]
[WhiteTitle "GM"]
[BlackTitle "GM"]
[WhiteElo "2647"]
[BlackElo "2699"]
[WhiteTeam "United States of America"]
[BlackTeam "Russia"]
[WhiteFideId "1126881"]
[BlackFideId "24101605"]
[EventDate "2021.09.13"]
[EventType "team"]

1. e4 e5 2. Nf3 Nc6 3. Bb5 a6 4. Ba4 d6 5. O-O Bd7 6. c3 g6 7. d4 Bg7 8. h3 Nf6
9. Re1 O-O 10. Bc2 Re8 11. Nbd2 b5 12. a3 Qc8 13. Nf1 Na5 14. b3 c5 15. d5 c4
16. b4 Nb3 17. Bxb3 cxb3 18. Qxb3 Ra7 19. Bg5 Nh5 20. Rac1 Nf4 21. Bxf4 exf4 22.
c4 bxc4 23. Rxc4 Qd8 24. a4 g5 25. Nd4 Bxd4 26. Rxd4 Qf6 27. Rc4 Rb7 28. Nd2 h5
29. f3 g4 30. fxg4 hxg4 31. hxg4 Bxg4 32. Nf3 Kg7 33. Rc6 Bxf3 34. Qxf3 Rxb4 35.
Qg4+ Qg6 36. Qxg6+ fxg6 37. Rxd6 Rexe4 38. Rxe4 Rxe4 39. Rxa6 Rd4 40. d6 g5 41.
a5 Kf7 42. Ra7+ Ke6 43. a6 Kxd6 44. Rg7 Ra4 45. Rxg5 Ke6 46. Rg6+ Kf5 47. Rb6
Kg4 48. Kh2 Ra2 49. Rf6 Kg5 50. Rf8 Rxa6 51. Rg8+ Rg6 52. Rxg6+ Kxg6 53. g3 Kg5
54. gxf4+ Kxf4 1/2-1/2

[Event "Online Olym KO Stage 2021"]
[Site "chess.com INT"]
[Date "2021.09.15"]
[Round "3.2"]
[Board "4"]
[White "Zatonskih, Anna"]
[Black "Lagno, Kateryna"]
[Result "1/2-1/2"]
[WhiteTitle "IM"]
[BlackTitle "GM"]
[WhiteElo "2423"]
[BlackElo "2550"]
[WhiteTeam "United States of America"]
[BlackTeam "Russia"]
[WhiteFideId "14101572"]
[BlackFideId "14109336"]
[EventDate "2021.09.13"]
[EventType "team"]

1. d4 Nf6 2. c4 g6 3. Nc3 d5 4. Nf3 Bg7 5. e3 O-O 6. cxd5 Nxd5 7. Bc4 Nxc3 8.
bxc3 c5 9. O-O Qc7 10. Qe2 Nc6 11. Rd1 Bg4 12. Ba3 Qa5 13. Bb2 e5 14. h3 Bxf3
15. Qxf3 exd4 16. exd4 cxd4 17. cxd4 Rad8 18. Rab1 Qc7 19. d5 Ne5 20. Bxe5 Bxe5
21. Rdc1 Bh2+ 22. Kh1 Bf4 23. Rc2 Bd6 24. Qb3 Qe7 25. Re2 Qf6 26. g3 Rc8 27. Kg2
Rc7 28. Rbe1 Kg7 29. Re4 Rfc8 30. R1e2 h5 31. h4 Rc5 32. a4 a6 33. R2e3 R5c7 34.
Be2 Qa1 35. Re8 Rxe8 36. Rxe8 Qd4 37. Qf3 Rc5 38. Rd8 Rxd5 39. Rd7 Rf5 40. Qe3
Qf6 41. Bf3 Bc5 42. Qd3 Qb2 43. Qd2 Qxd2 44. Rxd2 b5 45. axb5 axb5 46. Rd5 Kf6
47. Rxf5+ Kxf5 48. Bd5 f6 49. Bf7 b4 50. Kf3 Bd4 51. Ke2 Bc3 52. Kf3 Bd4 53. Ke2
Bc5 54. Kf3 g5 55. hxg5 Kxg5 56. Kg2 f5 57. f3 Kf6 58. Bb3 Ke5 59. Kh3 Be7 60.
f4+ Kf6 61. Bd1 Kg6 62. Bb3 Bc5 63. Kg2 Be3 64. Kf3 Bc1 65. Ba4 Kf6 66. Bc2 Bd2
67. Bb1 Be1 68. Bc2 Bd2 69. Bb3 Be1 70. Bc4 Bd2 71. Bb3 Be1 72. Bc4 Bd2 73. Bb3 1/2-1/2

[Event "Online Olym KO Stage 2021"]
[Site "chess.com INT"]
[Date "2021.09.15"]
[Round "3.2"]
[Board "5"]
[White "Esipenko, Andrey"]
[Black "Liang, Awonder"]
[Result "0-1"]
[WhiteTitle "GM"]
[BlackTitle "GM"]
[WhiteElo "2720"]
[BlackElo "2590"]
[WhiteTeam "Russia"]
[BlackTeam "United States of America"]
[WhiteFideId "24175439"]
[BlackFideId "2056437"]
[EventDate "2021.09.13"]
[EventType "team"]

1. e4 e6 2. d4 d5 3. e5 c5 4. c3 Nc6 5. Nf3 Qb6 6. a3 c4 7. Nbd2 Na5 8. h4 Bd7
9. Rh3 Ne7 10. Rb1 h6 11. b4 cxb3 12. Nxb3 Nxb3 13. Rxb3 Qc7 14. Nd2 Nc6 15. Qh5
Nxd4 16. cxd4 Qxc1+ 17. Qd1 Qxd1+ 18. Kxd1 b6 19. Rhc3 Be7 20. g3 Ba4 21. Bb5+
Bxb5 22. Rxb5 Kd7 23. Rbb3 Rac8 24. Kc2 Rxc3+ 25. Rxc3 Rc8 26. Rxc8 Kxc8 27. Kb3
Kb7 28. h5 g6 29. g4 gxh5 30. gxh5 Bh4 31. Nf3 Bxf2 32. Kc3 Be3 33. Nh4 Bg5 34.
Ng6 Kc7 35. Nh8 f5 36. Ng6 Kd7 37. Nf8+ Ke7 38. Ng6+ Kf7 39. Nh8+ Kg7 40. Ng6 a6
41. a4 f4 42. Kd2 b5 43. axb5 axb5 0-1

[Event "Online Olym KO Stage 2021"]
[Site "chess.com INT"]
[Date "2021.09.15"]
[Round "3.2"]
[Board "6"]
[White "Cervantes Landeiro, Thalia"]
[Black "Garifullina, Leya"]
[Result "0-1"]
[WhiteTitle "FM"]
[BlackTitle "WGM"]
[WhiteElo "2175"]
[BlackElo "2409"]
[WhiteTeam "United States of America"]
[BlackTeam "Russia"]
[WhiteFideId "3520498"]
[BlackFideId "34127035"]
[EventDate "2021.09.13"]
[EventType "team"]

1. d4 Nf6 2. c4 e6 3. Nf3 d5 4. Nc3 c5 5. cxd5 cxd4 6. Qxd4 exd5 7. Bg5 Be7 8.
e3 O-O 9. Be2 Nc6 10. Qd1 Qb6 11. Rb1 Rd8 12. O-O d4 13. exd4 Nxd4 14. Nxd4 Rxd4
15. Qc2 Qa5 16. Be3 Bf5 17. Qc1 Rdd8 18. Ra1 Rac8 19. Rd1 Nd5 20. Bd4 Nb4 21.
Qe3 Bf8 22. Qe5 Qxe5 23. Bxe5 Re8 24. Bf4 h6 25. Bf3 Nd3 26. Be3 Nxb2 27. Rd5
Be6 28. Rb5 Nc4 29. Nd5 Nxe3 30. Nxe3 b6 31. a4 Rc5 32. g3 Rec8 33. Kg2 Bd7 34.
Rxc5 Rxc5 35. Bd5 Be7 36. Bb3 Bc6+ 37. Kg1 Bg5 38. Rd1 Rc3 39. Rd6 Bf3 40. Bc2
g6 41. Rd3 Rc5 42. h4 Bf6 43. Bd1 Be4 44. Rd7 a6 45. Bb3 Rc1+ 46. Nd1 Bc6 47.
Rd6 Be5 48. Rd8+ Kg7 49. f4 Bf6 50. Rd6 Be7 51. Rd3 Be4 52. Rd7 Kf8 53. Kf2 Rb1
54. Bc4 Ke8 55. Rd2 Bc5+ 56. Ne3 b5 57. axb5 axb5 58. Bd3 Rb3 59. Ke2 Rxd3 60.
Rxd3 Bxd3+ 61. Kxd3 Bxe3 62. Kxe3 Ke7 63. Kd4 h5 64. Kc5 Ke6 65. Kxb5 Kf5 66.
Kc6 Kg4 67. Kd6 Kxg3 68. Ke7 Kxf4 69. Kxf7 g5 70. hxg5 Kxg5 0-1